Hauptstädte Europas (schwer) - Statistiken

Allgemein
  • Dieses Quiz wurde 333 mal gespielt
  • Das Durchschnittsergebnis liegt bei 39 aus 52
Antwortstatistiken
Hint Antwort % Korrekt
Deutschland Berlin
100%
Niederlande Amsterdam
98%
Schweiz Bern
98%
Irland Dublin
98%
Dänemark Kopenhagen
98%
Großbritannien London
98%
Polen Warschau
98%
Belgien Brüssel
97%
Russland Moskau
97%
Norwegen Oslo
97%
Tschechien Prag
97%
Schweden Stockholm
97%
Österreich Wien
97%
Finnland Helsinki
95%
Frankreich Paris
95%
Spanien Madrid
94%
Portugal Lissabon
93%
Monaco Monaco
93%
Itlaien Rom
93%
Vatikanstadt Vatikanstadt
93%
Ukraine Kiew
92%
Luxemburg Luxemburg
92%
Ungarn Budapest
89%
San Marino San Marino
89%
Belarus Minsk
88%
Albanien Tirana
88%
Rumänien Bukarest
87%
Liechtenstein Vaduz
87%
Kroatien Zagreb
87%
Island Reykjavik
86%
Lettland Riga
84%
Estland Tallinn
82%
Serbien Belgrad
80%
Slowenien Ljubljana
79%
Andorra Andorra la Vella
77%
Slowakei Bratislava
76%
Nordmazedonien Skopje
75%
Litauen Vilnius
75%
Zypern Nikosia
70%
Kosovo Pristina
68%
Moldawien Chisinau
64%
Schottland Edinburgh
62%
Montenegro Podgorica
61%
Nordirland Belfast
51%
Wales Cardiff
43%
Grönland Nuuk
36%
Färöer Tórshavn
15%
Isle of Man Douglas
9%
Jersey Saint Helier
9%
Åland Mariehamn
8%
Spitzbergen Longyearbyen
6%
Guernsey Peter Port
4%
Keine übereinstimmenden Quizze gefunden
Verteilung der Resultate
Anzahl Personen mit jedem Resultat
Perzentil nach korrekt beantworteten Fragen
Ihre Resultats-Entwicklung
Sie haben dieses Quiz noch nicht gespielt